000 00687nam a2200181 i 4500
001 69355
003 ES-MaACL
005 20230906170512.0
007 t|
008 040705s1953 sp ||||1| spa d
100 1 _aGarcía y Bellido, Antonio.
_955426
245 1 3 _aLa Península Ibérica en los comienzos de su historia /
_cA. García Bellido.
260 _aMadrid :
_bInstituto Rodrigo Caro :
_bConsejo Superior de Investigaciones Científicas,
_c1953 (
_fIbarra)
300 _aVIII, 695 p., 8 lám. :
_bil. ;
_c21 cm.
710 2 _aInstituto Rodrigo Caro.
_95228
710 2 _aConsejo Superior de Investigaciones Científicas (España)
_93236
852 _aES-MaACL
_jLC-5819
_bR.34811
999 _c69355
_d69355